000 00907nam a2200253 a 4500
001 BRL_936
005 20190320210947.0
008 290915s1978----ec-a######---#000-0#spa-#
041 _aspa
044 _aec
050 4 _aTT47
_b.A77 1978
245 1 0 _aArtesanía Folclórica en el Ecuador
_c[Textos: trabajo colectivo del VI Curso, anÞo escolar 1971-1972. Fotografías: Jean Claude Constant y Wulf Weiss]
260 _aGuayaquil, Ecuador
_bDirectorio y Rectorado del Colegio Alemán Humboldt
_c[1978]
300 _a[51] p.
_bil.
_c22 cm.
_e+ Folleto del libro en inglés y alemán
500 _aIncluye dedicatoria a Ruth Lechuga
500 _aAu1008
500 _aIncluye bibliografía
650 1 4 _aArtesanías
_zEcuador
_925370
700 1 _aClaude Constant, Jean
_eil.
_925371
700 1 _aWeiss, Wulf
_eil.
_925372
710 2 _aColegio Alemán Humboldt
_925373
902 _aGRL
942 _2lcc
_cB
999 _c9748
_d9748